Retrouvez le titre de la musique disney pixar #3 - Statistiques

Statistiques générales
  • Ce quiz a été pris 457 fois
  • Le résultat moyen est 4 sur 11
Statistiques - réponses
Hint Paroles Répliques % Correct
2 Moi je sais qu'il est ce roi en exil, qui règne dans mon coeur. L'amour brille sous les étoiles (Le roi lion)
86%
7 Pour toi l'étranger ne porte le nom d'homme que si il te ressemble et pense à ta façon. L'air du vent (Pocahontas)
83%
6 Un papillon rose, un rien pas grand chose, une fleur offerte. Histoire éternelle (La belle et la bête)
53%
10 Quand tout s'embrouille en vadrouille loin très loin de ton lit douillet. Je suis ton ami (Toy story)
50%
11 Je vais gagner cette bataille, c'est bientôt le grand jour, c'est à moi oui. Au bout du rêve (La princesse et la grenouille)
33%
1 Au beau milieu d'un rêve, mon amour un aussi doux rêve. J'en ai rêvé (la belle au bois dormant)
30%
9 Un beau jour, pourra valoir son pesant d'or, et vous permettra de jouer de ravissants accords. Des gammes et des arpèges (les aristochats)
20%
5 On rit, on joue, on s'amuse comme des petits fous A la file indienne (peter pan)
19%
4 J'ai tant pleurer que je n'ai plus de larmes... Tout réparer (La reine des neiges 2)
10%
8 Âmes tendres coeurs tristes, coeurs aimants, le destin bienfaisant. Quand on prie la bonne étoile (Pinocchio)
3%
3 Toute la journée, ça n'arrête pas, faut faire le feu et la cuisine, la vaisselle et le ménage. C'est pas une vie (Cendrillon)
1%
Aucun quiz correspondant
Distribution des résultats
% des personnes avec chaque résultat
Percentile par nombre de réponses
Votre historique - résultats
Vous n’avez pas pris ce quiz